5HLuxD.jpg

KING HENRY VIII SENIOR AND PRIMARY SCHOOL LIBRARY OPAC

ANCIENT EGYPT (Record no. 4144)

000 -LEADER
fixed length control field 00311nam a22001097a 4500
008 - FIXED-LENGTH DATA ELEMENTS--GENERAL INFORMATION
fixed length control field 250122b ||||| |||| 00| 0 eng d
020 ## - INTERNATIONAL STANDARD BOOK NUMBER
International Standard Book Number 9781426330421
082 ## - DEWEY DECIMAL CLASSIFICATION NUMBER
Classification number 932 DRI
100 ## - MAIN ENTRY--PERSONAL NAME
Personal name STEPHANIE WARREN DRIMMER
Relator term DRIMMER,STEPHANIE WARREN
245 ## - TITLE STATEMENT
Title ANCIENT EGYPT
942 ## - ADDED ENTRY ELEMENTS (KOHA)
Source of classification or shelving scheme
Classification part 932 DRI
Holdings
Withdrawn status Lost status Source of classification or shelving scheme Damaged status Not for loan Collection code Permanent Location Current Location Shelving location Date acquired Total Checkouts Full call number Barcode Date last seen Date last checked out Price effective from Koha item type Public note
          Non-Fiction KH8 Primary School Library KH8 Primary School Library Non Fiction 2025-01-22 2 932 DRI 3KHPL000002351 2025-09-25 2025-09-18 2025-01-22 Books - Non Ficton KH8 PRIMARY LIBRARY

Powered By KH8 IT Dept